000 00428cam a22001217a 4500
008 180718b2009 xxu||||| |||| 00| 0 eng d
082 _aAPPPA 2008-09/BHA
100 _aBharadwaj, Anupam
245 _aRelevance of human factors in aviation accidents and prevention
_cby Anupam Bharadwaj
260 _aNew Delhi
_bIndian Institute of Public Administration
_c2009
300 _a106p.
650 _aAeronautics - Accident investigation
999 _c495184
_d495184